000 005140000a22001930004500
003 LK-CoMWRAF
005 20230928153702.0
008 230817t ||||| |||| 00| 0 eng d
040 _aLK-CoMWRAF
_dLK-CoMWRAF
_eLK-CoMWRAF
041 _aeng
082 _a297.27
_bSUL
100 _aSulehria, Farooq
245 _aThe Rise of political Islam
260 _aPakistan :
_bLabour party Pakistan publication,
_c2004
300 _a38p
650 _a Islam and politics
650 _aIslam Political rise
942 _cBK
999 _c686
_d686